| 000 | 01095nam a22002897a 4500 | ||
|---|---|---|---|
| 003 | CHAP | ||
| 005 | 20220329142401.0 | ||
| 008 | 001020d1994 mx r 00110 spa d | ||
| 010 | _a82692 | ||
| 011 | _a83664 | ||
| 035 | _a94179 | ||
| 040 | _cCHAP | ||
| 090 | _aFolleto 15588 | ||
| 110 | 1 |
_aProcuraduría Agraria. _bDirección de Comunicación Social. México _991846 |
|
| 245 | 1 | 0 |
_aConsideraciones jurídicas en torno a la situación que plantea la certificación de los derechos parcelarios en ejidos con menos de 20 ejidatarios _c/por Procuraduría Agraria. Dirección de Comunicación Social |
| 260 |
_aMéxico, D.F. : _bProcuraduría Agraria. Dirección de Comunicación Social, _c1994 |
||
| 300 | _a12 p. | ||
| 590 |
_aBATCH-UPD _b10 _c20130110 _lUCH01 _h1518 |
||
| 590 |
_aCONVERSION _b10 _c20130109 _lUCH01 _h1346 |
||
| 650 | 1 | 4 |
_aDerecho agrario. _931866 |
| 650 | 1 | 4 |
_aEjidos. _936002 |
| 901 | _aBK | ||
| 905 | _aMarco A. Mendoza T. | ||
| 942 | _cFOLL | ||
| 949 |
_aFolleto 15588 _bBC _cFOLL _d941791 _eTS1 _i94179 _sb |
||
| 949 |
_aFolleto 15588 _bBC _cFOLL _d941792 _eTS2 _fc.2 _i94179 _sb |
||
| 999 |
_c82692 _d82692 |
||